| 000 | 00588 a2200217 4500 | ||
|---|---|---|---|
| 999 |
_c9449 _d9449 |
||
| 020 | _a0314010300 | ||
| 050 | 0 | 0 | _aKF3775 SEL 1981 |
| 110 | 1 | _aUnited States. | |
| 245 | 1 | 0 |
_aSelected environmental law statutes: _b1992-1993 |
| 250 | _aEducational ed. | ||
| 264 |
_aMinnesota: _bWest Publishing Co., _c1991 |
||
| 300 | _avolumes ; | ||
| 500 | _a------ | ||
| 650 | 0 | _aEnvironmental law | |
| 650 | 7 | _aEnvironmental law. | |
| 651 | 7 | _aUnited States. | |
| 710 | 2 | _aWest Publishing Company. | |
| 710 | 2 | _aWest Group. | |
| 942 |
_2lcc _cBK _h3775 _iSEL _kKF |
||